Biển Việt Nam và các mối giao thương biển

Nội dung sách giới thiệu về truyền thống hải thương. Vị trí, vai trò của biển Việt Nam. Việt Nam và thời hoàng kim của hải thương Châu Á.

Na minha lista:
Detalhes bibliográficos
Autor principal: Nguyễn, Văn Kim
Formato: Livro
Idioma:Undetermined
Publicado em: Hà Nội Đại học Quốc gia Hà Nội 2018
Assuntos:
Tags: Adicionar Tag
Sem tags, seja o primeiro a adicionar uma tag!
Thư viện lưu trữ: Trung tâm Học liệu Trường Đại học Cần Thơ
LEADER 00793nam a2200193Ia 4500
001 CTU_233322
008 210402s9999 xx 000 0 und d
082 |a 378.52 
082 |b K310 
100 |a Nguyễn, Văn Kim 
245 0 |a Biển Việt Nam và các mối giao thương biển 
245 0 |c Nguyễn Văn Kim 
260 |a Hà Nội 
260 |b Đại học Quốc gia Hà Nội 
260 |c 2018 
520 |a Nội dung sách giới thiệu về truyền thống hải thương. Vị trí, vai trò của biển Việt Nam. Việt Nam và thời hoàng kim của hải thương Châu Á. 
650 |a Kiểm soát biển,Sea control 
910 |b dqhieu 
980 |a Trung tâm Học liệu Trường Đại học Cần Thơ